000 00647nam a2200205 a 4500
001 BRL_277
005 20190320210652.0
008 180713s1955----u--a######---#000-0#eng-#
041 _aeng
044 _au
050 4 _aE78.N65
_b.N64 1955
245 1 0 _aNew Mexico Indians
_band their Arizona Neighbors
_cBertha P. Dutton, editor.
260 _aSanta Fe, Nuevo México
_bNew Mexico Association on Indian Affairs
_c1955
300 _a96 p.
_bil.
_c20 cm.
500 _aAu2298
650 1 4 _aIndígenas de América del Norte
_xCondiciones sociales
_zNuevo México
_923438
700 1 _aDutton, Bertha P.
_eed.
_923439
902 _aGRL
942 _2lcc
_cB
999 _c9090
_d9090